[Event "GER-chT U14 Girls"]
[Site "Greifswald"]
[Date "2001.12.30"]
[Round "7.3"]
[White "Goehring, Claudia"]
[Black "Bonfert, Nadine"]
[Result "1/2-1/2"]
[WhiteElo "100"]
[BlackElo "1321"]
[PlyCount "41"]
[EventDate "2001.12.27"]
[EventType "team-swiss"]
[EventRounds "7"]
[EventCountry "GER"]
[SourceTitle "EXT 2003"]
[Source "ChessBase"]
[SourceDate "2002.11.25"]
[SourceVersion "1"]
[SourceVersionDate "2002.11.25"]
[SourceQuality "1"]
[WhiteTeam "Graefelfing SK U14 Girls"]
[BlackTeam "Tamm 74 U14 Girls"]
[WhiteTeamCountry "GER"]
[BlackTeamCountry "GER"]

1. e4 e5 2. Nf3 Nc6 3. Nc3 Nf6 4. Bb5 d6 5. d3 Bg4 6. 0-0 Be7 7. Bxc6+ bxc6 8. h3 Bh5 9. Bd2 Qd7 10. Re1 0-0 11. Re3 Qe6 12. Ng5 Bxd1 13. Nxe6 fxe6 14. Rxd1 Nh5 15. Ne2 Bg5 16. f4 exf4 17. Rf3 e5 18. d4 exd4 19. Nxd4 Rfe8 20. Re1 c5 21. Nc6 1/2-1/2